| 000 | 00648nam a2200241 a 4500 | ||
|---|---|---|---|
| 003 | AR-BaBNM | ||
| 005 | 20251128203516.0 | ||
| 008 | 082120s2002 ||||||||||||||000 | spa|| | ||
| 040 | _cAR-BaBNM | ||
| 100 | 1 | _aBianchetti, Juan de | |
| 245 | 0 | 0 |
_aGramática guaraní ; _bAvá Ñeê y principios de filología |
| 260 |
_aBuenos Aires _bArístides Quillet _c1944 |
||
| 300 | _a180 p. | ||
| 650 | 4 | _aLENGUAS AMERINDIAS | |
| 650 | 4 | _aORTOGRAFIA | |
| 650 | 4 | _aFONETICA | |
| 650 | 4 | _aSINTAXIS | |
| 650 | 4 | _aESTRUCTURA DE LA ORACION | |
| 650 | 4 | _aLITERATURA | |
| 700 | 1 |
_aPonce de León, Segundino _eprologuista |
|
| 942 | _cBK | ||
| 998 | _cisola | ||
| 999 |
_c3696 _d3696 |
||